02695cam a22004335i 45000010009000000050017000090080041000260100017000670200018000840350024001020400008001260410013001341000034001472450181001812460038003622460043004002600043004433000045004864900042005314900019005735050252005925050207008445200587010515460028016386500037016666500034017036500069017376500046018066500060018526550025019126550034019376550036019716550047020077000045020547000035020999420008021349520104021429990015022462416396820250523065018.0250421t20192019enka e 000 j eng d a 2025398293 a9781529302929 a(OCoLC)on1142508510 ctbs0 aturaeng aRichards, Ollyeauthor91240310aShort stories in Turkishb: read for pleasure at your level and learn Turkish the fun way!c/ Olly Richards ; series editor Rebecca Moeller ; development editor H. Inci Abrook.1 iAt head of title:aTeach yourself14aShort stories in Turkish for beginners aLondon :bJohn Murray Learning,c2019. axiv, 208 pages :billustrations ;c20 cm aForeign language graded reader series aTeach yourself0 aHow to read effectively — The six-step reading process — Çilgin Döner — Olağan Dişi Bir Gezi — Şövalye — Saat — Sandik — Bilinmeyen Ülke — Gorunmez Kadin Leman — Kapsül — Answer key — Turkish-English glossary.0 aMapped to A2-B1 on the Common European Framework of Reference — A glossary for bolded words in each text — A bilingual word list — Full plot summary — Comprehension questions after each chapter. aShort Stories in Turkish for Beginners is designed for A2-B1 learners, offering eight engaging stories across genres like science fiction, crime, and history to make learning Turkish fun and rewarding. The book uses controlled language, authentic dialogues, and accessible grammar to build vocabulary and speaking skills with confidence. Helpful features—such as glossaries, bilingual word lists, plot summaries, and comprehension questions—support natural, stress-free learning. It’s a motivating resource that makes reading in Turkish enjoyable, without feeling overwhelmed. aIn Turkish and English. 0aTurkish languagevReaders925314 0aShort stories, Turkish925315 0aTurkish languagevTextbooks for foreign speakersxEnglish925316 0aTurkish languagevSelf-instruction925317 0aReading comprehensionvProblems, exercises, etc.925107 0aShort stories922375 0aReaders (Publications)925108 0aSelf-instructional works925331 0aInstructional and educational works923270 aMoeller, Rebecca Klevbergeeditor925299 aAbrook, H. Incieeditor925318 2lcc 00102lcc4070aTBSbTBSd2025-05-22l0oREADER-TR RICpB05865r2025-05-22t1w2025-05-22yTURKISH c4697d4697